[Event "Duisburg Grossenbaum op"]
[Site "Duisburg"]
[Date "2005.05.16"]
[Round "7"]
[White "Junggeburth, Marielies"]
[Black "Wuesten, Christian"]
[Result "0-1"]
[WhiteElo "1573"]
[BlackElo "1828"]
[PlyCount "78"]
[EventDate "2005.05.13"]
[EventType "swiss"]
[EventRounds "7"]
[EventCountry "GER"]
[SourceTitle "EXT 2006"]
[Source "ChessBase"]
[SourceDate "2005.11.24"]
[SourceVersion "1"]
[SourceVersionDate "2005.11.24"]
[SourceQuality "1"]

1. e4 c6 2. d4 d5 3. e5 Bf5 4. Be3 e6 5. a3 Nd7 6. c4 dxc4 7. Bxc4 Ne7 8. Nc3 Nb6 9. Ba2 h6 10. f4 Ned5 11. Qf3 Nxc3 12. bxc3 Bxa3 13. Ne2 Bb2 14. Rd1 Na4 15. Bc1 Qa5 16. Bxb2 Nxb2 17. Ra1 Nc4 18. 0-0 Nd2 19. Qf2 Nxf1 20. Qxf1 Qb5 21. c4 Qb2 22. Kf2 Bd3 23. Rb1 Bxb1 24. Bxb1 0-0-0 25. Ke3 c5 26. dxc5 Qa3+ 27. Kf2 Qxc5+ 28. Kg3 Qe3+ 29. Qf3 Qxf3+ 30. gxf3 Rd2 31. Nc3 Rhd8 32. Be4 R8d4 33. c5 Rc4 34. Nb1 Rd1 35. Na3 Rxe4 36. fxe4 Rd3+ 37. Kg4 Rxa3 38. f5 Kd7 39. fxe6+ Kxe6 0-1

[Event "Duisburg Grossenbaum op"]
[Site "Duisburg"]
[Date "2005.05.15"]
[Round "5"]
[White "Junggeburth, Marielies"]
[Black "Tendick, Frank"]
[Result "0-1"]
[WhiteElo "1573"]
[BlackElo "2084"]
[PlyCount "70"]
[EventDate "2005.05.13"]
[EventType "swiss"]
[EventRounds "7"]
[EventCountry "GER"]
[SourceTitle "EXT 2006"]
[Source "ChessBase"]
[SourceDate "2005.11.24"]
[SourceVersion "1"]
[SourceVersionDate "2005.11.24"]
[SourceQuality "1"]

1. e4 d6 2. d4 Nf6 3. Bd3 c5 4. c3 Nc6 5. d5 Ne5 6. Bc2 g6 7. h3 Bg7 8. Na3 0-0 9. f4 Ned7 10. Be3 a6 11. Rc1 b5 12. Ne2 Qc7 13. Nb1 e6 14. 0-0 exd5 15. exd5 Nb6 16. Rf3 Nbxd5 17. Bf2 Bb7 18. g4 Rae8 19. Ng3 Nb6 20. g5 Bxf3 21. Qxf3 Nfd7 22. Rd1 f6 23. Ne4 d5 24. Nxf6+ Nxf6 25. gxf6 Rxf6 26. Bg3 Qf7 27. Rf1 Nc4 28. Bb3 Re4 29. Bxc4 bxc4 30. Nd2 Re8 31. h4 Bh6 32. Rf2 Rf8 33. h5 Bxf4 34. hxg6 Rxg6 35. Rg2 Bxd2 0-1

[Event "Duisburg Grossenbaum op"]
[Site "Duisburg"]
[Date "2005.05.14"]
[Round "3"]
[White "Junggeburth, Marielies"]
[Black "Kranzusch, Sascha"]
[Result "1-0"]
[WhiteElo "1573"]
[BlackElo "1162"]
[PlyCount "71"]
[EventDate "2005.05.13"]
[EventType "swiss"]
[EventRounds "7"]
[EventCountry "GER"]
[SourceTitle "EXT 2006"]
[Source "ChessBase"]
[SourceDate "2005.11.24"]
[SourceVersion "1"]
[SourceVersionDate "2005.11.24"]
[SourceQuality "1"]

1. e4 e5 2. Nf3 Nc6 3. d3 d6 4. h3 Nf6 5. a3 g6 6. c3 Bg7 7. Be3 0-0 8. b4 Be6 9. Nbd2 Ne7 10. c4 b6 11. g4 h6 12. Qc2 c5 13. Be2 Rc8 14. Qb3 Nh7 15. Rg1 f6 16. h4 Qd7 17. Nh2 Rf7 18. Ndf1 Qd8 19. Ng3 Qd7 20. Rc1 Qe8 21. b5 Qd8 22. f4 Qc7 23. f5 gxf5 24. gxf5 Bd7 25. Nh5 Kh8 26. Kd2 Rg8 27. Nxg7 Rfxg7 28. Rxg7 Rxg7 29. Bxh6 Rg3 30. Rf1 Rh3 31. Nf3 Be8 32. Rg1 Bh5 33. Bg7+ Kg8 34. Qd1 Bxf3 35. Bxf3 Rxh4 36. Bxf6+ 1-0

[Event "Duisburg Grossenbaum op"]
[Site "Duisburg"]
[Date "2005.05.14"]
[Round "2"]
[White "Soueid, Thomas"]
[Black "Junggeburth, Marielies"]
[Result "1-0"]
[WhiteElo "1923"]
[BlackElo "1573"]
[PlyCount "103"]
[EventDate "2005.05.13"]
[EventType "swiss"]
[EventRounds "7"]
[EventCountry "GER"]
[SourceTitle "EXT 2006"]
[Source "ChessBase"]
[SourceDate "2005.11.24"]
[SourceVersion "1"]
[SourceVersionDate "2005.11.24"]
[SourceQuality "1"]

1. e4 c5 2. Nf3 Nc6 3. d4 cxd4 4. Nxd4 e5 5. Nb3 a6 6. Nc3 Nf6 7. Bg5 Be7 8. Bxf6 Bxf6 9. Nd5 Bg5 10. Be2 0-0 11. 0-0 d6 12. a4 Rb8 13. Qd3 f5 14. Qc4 Kh8 15. exf5 Bxf5 16. Bg4 Bg6 17. Be6 Ne7 18. Qe2 Nxd5 19. Bxd5 b5 20. axb5 axb5 21. c3 Qf6 22. Na5 Be8 23. Rad1 h5 24. Rd3 Qh6 25. Rf3 g6 26. Rd1 Bd7 27. Rxf8+ Rxf8 28. Be4 Bg4 29. f3 Be3+ 30. Kh1 Bf5 31. Bc6 Bc5 32. Bxb5 e4 33. Bc6 Qf4 34. g3 exf3 35. Bxf3 Qa4 36. b4 Re8 37. Qd2 Be3 38. Qxd6 Qc2 39. Qf6+ Kh7 40. Qf7+ Kh6 41. Qxe8 Qxc3 42. Qf8+ Kh7 43. Qd6 Bg5 44. Bg2 h4 45. Qd4 Qxd4 46. Rxd4 h3 47. Be4 Bc8 48. Rd6 Be3 49. Rxg6 Kh8 50. Nc4 Bd4 51. b5 Bc5 52. Rc6 1-0

[Event "Duisburg Grossenbaum op"]
[Site "Duisburg"]
[Date "2005.05.13"]
[Round "1"]
[White "Junggeburth, Marielies"]
[Black "Cobbers, Martin"]
[Result "0-1"]
[WhiteElo "1573"]
[BlackElo "2073"]
[PlyCount "64"]
[EventDate "2005.05.13"]
[EventType "swiss"]
[EventRounds "7"]
[EventCountry "GER"]
[SourceTitle "EXT 2006"]
[Source "ChessBase"]
[SourceDate "2005.11.24"]
[SourceVersion "1"]
[SourceVersionDate "2005.11.24"]
[SourceQuality "1"]

1. e4 c5 2. Nf3 e6 3. c3 Nf6 4. d3 Nc6 5. h3 d5 6. e5 Nd7 7. d4 Be7 8. a3 a5 9. Be2 0-0 10. g4 f6 11. Rg1 fxe5 12. dxe5 Ndxe5 13. Nbd2 Nxf3+ 14. Nxf3 e5 15. Rg2 e4 16. Nh2 Be6 17. Bd2 d4 18. Qc2 d3 19. Qd1 dxe2 20. Qxe2 Qd3 21. Qxd3 exd3 22. 0-0-0 Bd5 23. f3 Bd6 24. Rf1 Bxh2 25. Rxh2 Rxf3 26. Re1 Raf8 27. Rhh1 Rf2 28. Rhg1 Re2 29. Ref1 Rxf1+ 30. Rxf1 Rh2 31. g5 Rxh3 32. Bf4 Rh1 0-1